Elder Scrolls Months, Birthsigns, and Days of the Week - Statistics

General Stats
  • This quiz has been taken 46 times
    45 since last reset
  • The average score is 18 of 32
Answer Stats
Answer % Correct
The Mage
86%
The Warrior
86%
The Thief
83%
The Atronach
76%
The Lady
76%
The Lord
69%
The Lover
69%
Last Seed
66%
Sundas
66%
The Serpent
66%
The Steed
66%
Turdas
66%
First Seed
62%
Frostfall
62%
The Apprentice
62%
Tirdas
62%
Morndas
59%
Hearthfire
55%
The Tower
55%
Fredas
52%
The Shadow
52%
Loredas
48%
Middas
45%
Sun's Dawn
45%
Rain's Hand
41%
The Ritual
41%
Morning Star
38%
Second Seed
38%
Sun's Dusk
38%
Evening Star
34%
Midyear
34%
Sun's Height
31%
No matching quizzes found
Score Distribution
Percent of People with Each Score
Percentile by Number Answered
Your Score History
You have not taken this quiz since the last reset